| 000 | 00000nam##2200000za#4500 |
| 001 | 9.602230 |
| 003 | CaOODSP |
| 005 | 20210624210451 |
| 007 | cr ||||||||||| |
| 008 | 150406|2000||||xxc|||||o f|0| 0 fre|d |
| 040 | |aCaOODSP|bfre |
| 043 | |an-cn--- |
| 086 | 1 |aNH18-24/28GF-PDF |
| 110 | 2 |aSociété canadienne d'hypothèques et de logement. |
| 245 | 10|aAvant de réparer ou de remplacer le revêtement du toit |h[ressource électronique] |
| 260 | |aOttawa - Ontario : |bSociété canadienne d'hypothèques et de logement |cc2000. |
| 300 | |a6p.|bfigure |
| 490 | 1 |aVotre maison |vCF28g |
| 590 | |a11-23-Supp|b2011-10-17 |
| 691 | 07|aEntretien|2gcpds |
| 691 | 07|aRénovation domiciliaire|2gcpds |
| 691 | 07|aLogement|2gcpds |
| 775 | 08|tBefore you start repairing or replacing roof finishes |w(CaOODSP)9.571807 |
| 776 | 0#|tAvant de réparer ou de remplacer le revêtement du toit |w(CaOODSP)9.625746 |
| 830 | #0|aVotre maison ;|vCF28g|w(CaOODSP)9.501787 |
| 856 | 40|ahttp://publications.gc.ca|qPDF|s127 Ko|uhttps://publications.gc.ca/collections/Collection/NH18-24-28GF.pdf|yCF28g |